[Event "CYCC U08"]
[Site "Ottawa CAN"]
[Date "2013.07.12"]
[Round "5"]
[White "Zhao, Ian"]
[Black "James, Rowan"]
[Result "0-1"]
[WhiteElo "1388"]
[BlackElo "1072"]
[PlyCount "170"]
[GameId "2160767909317914"]
[EventDate "2013.07.10"]
[EventType "swiss"]
[EventRounds "6"]
[EventCountry "CAN"]
[SourceTitle "hb 2013"]

1. e4 c5 2. c3 Nc6 3. Nf3 Nf6 4. e5 Ng4 5. d4 d6 6. h3 Nxf2 7. Kxf2 dxe5 8. Bb5 exd4 9. cxd4 Qb6 10. Bxc6+ bxc6 11. Re1 e6 12. Kg1 cxd4 13. Kh1 c5 14. Ne5 Bd6 15. Qf3 O-O 16. Nc4 Qb4 17. Nbd2 Bb7 18. a3 Qxd2 19. Nxd2 Bxf3 20. Nxf3 Rab8 21. Nd2 Rfe8 22. Ne4 Bf8 23. Ra2 f5 24. Nd2 e5 25. Nc4 e4 26. Bf4 Rb7 27. Raa1 h6 28. Rad1 g5 29. Bc1 f4 30. Kg1 Rd7 31. Kf1 d3 32. g3 Rd4 33. b3 e3 34. Bxe3 fxe3 35. Rxe3 Rxe3 36. Nxe3 a5 37. Kf2 Kf7 38. Ng2 a4 39. bxa4 c4 40. Ke3 Bc5 41. Kd2 Bb6 42. Kc3 Re4 43. Kb4 d2 44. Rxd2 c3+ 45. Kxc3 Ba5+ 46. Kd3 Rxa4 47. Ra2 Kg6 48. Ne3 h5 49. Nc4 Bc7 50. Rg2 Kf6 51. Rf2+ Ke6 52. Re2+ Kd5 53. Ne3+ Kc6 54. Rc2+ Kd7 55. Nd5 Rxa3+ 56. Rc3 Rxc3+ 57. Kxc3 Bxg3 58. Ne3 Ke6 59. Kd4 Bf2 60. Ke4 Bxe3 61. Kxe3 Kf5 62. Kf3 Ke5 63. Ke3 Ke6 64. Ke4 Kf6 65. Kf3 Kf5 66. Ke3 Ke5 67. Kf3 Kd4 68. Kf2 Ke4 69. Ke2 h4 70. Kf2 Kf4 71. Kg2 Ke3 72. Kh2 Kf2 73. Kh1 Kg3 74. Kg1 Kxh3 75. Kh1 g4 76. Kg1 Kg3 77. Kh1 Kf2 78. Kh2 g3+ 79. Kh3 g2 80. Kxh4 g1=Q 81. Kh5 Kf3 82. Kh6 Kf4 83. Kh7 Kf5 84. Kh8 Kf6 85. Kh7 Qg7# 0-1

[Event "CYCC U08"]
[Site "Ottawa CAN"]
[Date "2013.07.12"]
[Round "6"]
[White "Guipi Bopala, Prince Eric jr"]
[Black "Kulic, Mateo"]
[Result "0-1"]
[WhiteElo "804"]
[BlackElo "917"]
[PlyCount "128"]
[GameId "2160767909317918"]
[EventDate "2013.07.10"]
[EventType "swiss"]
[EventRounds "6"]
[EventCountry "CAN"]
[SourceTitle "hb 2013"]

1. d4 d5 2. e3 Bf5 3. Bd3 Bxd3 4. cxd3 Nf6 5. Nf3 e6 6. O-O Bd6 7. Re1 O-O 8. Nc3 Nc6 9. e4 Re8 10. e5 Be7 11. exf6 Bxf6 12. Be3 e5 13. dxe5 Nxe5 14. Nxe5 Bxe5 15. Qg4 Qf6 16. Nxd5 Qc6 17. Nc3 Bxc3 18. bxc3 Qxc3 19. Rad1 Rad8 20. Bd2 Qxd2 21. Rxe8+ Rxe8 22. g3 Re1+ 23. Rxe1 Qxe1+ 24. Kg2 Qe6 25. Qxe6 fxe6 26. Kf3 Kf7 27. Ke4 c5 28. Ke5 Ke7 29. f4 b5 30. h4 a5 31. d4 c4 32. Ke4 c3 33. Kd3 b4 34. a3 Kd6 35. axb4 axb4 36. Kc2 Kd5 37. Kd3 c2 38. Kxc2 Kxd4 39. Kb3 Ke4 40. Kxb4 e5 41. fxe5 Kxe5 42. Kc4 Kf5 43. Kd4 Kg4 44. Ke5 g5 45. hxg5 Kxg5 46. Ke4 Kg4 47. Ke5 Kxg3 48. Kf5 h5 49. Kg5 h4 50. Kh5 h3 51. Kg5 h2 52. Kf5 h1=Q 53. Ke5 Qf3 54. Ke6 Qf4 55. Ke7 Qf5 56. Ke8 Qf6 57. Kd7 Kf4 58. Kc7 Ke5 59. Kb7 Kd5 60. Ka7 Kc5 61. Kb8 Kb6 62. Kc8 Kc6 63. Kb8 Qf7 64. Ka8 Qb7# 0-1

[Event "CYCC U08"]
[Site "Ottawa CAN"]
[Date "2013.07.12"]
[Round "6"]
[White "Issani, Nameer"]
[Black "Noorali, Aahil"]
[Result "1-0"]
[WhiteElo "1425"]
[BlackElo "1086"]
[PlyCount "131"]
[GameId "2160767909317919"]
[EventDate "2013.07.10"]
[EventType "swiss"]
[EventRounds "6"]
[EventCountry "CAN"]
[SourceTitle "hb 2013"]

1. e4 e5 2. Nf3 Nc6 3. d4 exd4 4. Nxd4 Bc5 5. Be3 d6 6. Nxc6 bxc6 7. Bxc5 dxc5 8. Qxd8+ Kxd8 9. Bc4 Nf6 10. Nc3 Re8 11. O-O-O+ Bd7 12. Rhe1 Re7 13. h3 Ke8 14. e5 Nh5 15. Re4 Bf5 16. Rh4 Bg6 17. Re1 Rd8 18. Na4 Rd4 19. Rxd4 cxd4 20. g3 f6 21. e6 f5 22. Ba6 f4 23. g4 Nf6 24. Bb7 Ne4 25. Bxc6+ Kf8 26. Bxe4 Rxe6 27. Nc5 Re7 28. f3 Bf7 29. Rd1 Kg8 30. Rxd4 g6 31. Rd8+ Kg7 32. Ra8 c6 33. Kd2 h5 34. gxh5 gxh5 35. Bxc6 Rc7 36. Nb3 Rxc6 37. Rxa7 Kg6 38. Ra4 Kg5 39. h4+ Kf5 40. Nd4+ Kg6 41. Nxc6 Be8 42. Ra6 Kf7 43. Ne5+ Ke7 44. Nd3 Bb5 45. Ra7+ Kd6 46. a4 Bc6 47. Ra6 Kc7 48. Rxc6+ Kxc6 49. Nxf4 Kd6 50. Nxh5 Ke5 51. a5 Kd6 52. f4 Kc7 53. f5 Kd7 54. a6 Kc7 55. f6 Kb6 56. f7 Kxa6 57. f8=Q Kb7 58. Ng7 Kc6 59. h5 Kd7 60. h6 Kc7 61. h7 Kb6 62. h8=Q Kb7 63. Qf7+ Ka6 64. Qh6+ Ka5 65. Qf5+ Ka4 66. Qh4# 1-0

[Event "CYCC U08"]
[Site "Ottawa CAN"]
[Date "2013.07.12"]
[Round "6"]
[White "Mo, Aidan"]
[Black "Wu, Lucian"]
[Result "0-1"]
[WhiteElo "951"]
[BlackElo "599"]
[PlyCount "122"]
[GameId "2160767909317921"]
[EventDate "2013.07.10"]
[EventType "swiss"]
[EventRounds "6"]
[EventCountry "CAN"]
[SourceTitle "hb 2013"]

1. e4 e5 2. Nf3 Nc6 3. Bc4 Bc5 4. O-O Nf6 5. c3 Nxe4 6. Re1 d5 7. Bb3 Bf5 8. d4 exd4 9. cxd4 Bb6 10. Nfd2 O-O 11. Nxe4 Bxe4 12. Be3 Kh8 13. Nc3 f5 14. f3 f4 15. fxe4 fxe3 16. exd5 Nxd4 17. Na4 Nxb3 18. Nxb6 axb6 19. Qxb3 Qg5 20. Rxe3 h6 21. Rg3 Qd2 22. h3 Rae8 23. Qc3 Qxc3 24. bxc3 Re5 25. Rd1 g5 26. d6 cxd6 27. Rxd6 Kg7 28. Rxb6 Re1+ 29. Kh2 Rff1 30. Rxb7+ Kg6 31. Rf3 Rh1+ 32. Kg3 h5 33. Rbf7 h4+ 34. Kg4 Re4+ 35. R3f4 Rxf4+ 36. Rxf4 gxf4 37. Kxf4 Kh5 38. g4+ Kh6 39. g5+ Kg6 40. Kg4 Ra1 41. Kxh4 Rxa2 42. Kg4 Rc2 43. h4 Rxc3 44. h5+ Kg7 45. Kf4 Rc4+ 46. Kf5 Rc5+ 47. Kf4 Kh7 48. Kg4 Kg7 49. Kf4 Kf7 50. Kg4 Ke6 51. Kf4 Rf5+ 52. Kg4 Rd5 53. g6 Kf6 54. Kh4 Rf5 55. Kg4 Re5 56. Kh4 Kg7 57. Kg4 Kh6 58. Kf4 Rxh5 59. g7 Kxg7 60. Kg4 Kg6 61. Kf4 Rg5 0-1

[Event "CYCC U08"]
[Site "Ottawa CAN"]
[Date "2013.07.12"]
[Round "6"]
[White "Radin, Andrew"]
[Black "England, Max"]
[Result "1/2-1/2"]
[WhiteElo "764"]
[BlackElo "944"]
[PlyCount "99"]
[GameId "2160767909317922"]
[EventDate "2013.07.10"]
[EventType "swiss"]
[EventRounds "6"]
[EventCountry "CAN"]
[SourceTitle "EXT 2022"]
[Source "ChessBase"]
[SourceDate "2021.10.06"]
[SourceVersion "1"]
[SourceVersionDate "2021.10.06"]
[SourceQuality "1"]

1. e4 e5 2. Nf3 Nc6 3. Be2 Nf6 4. d3 Be7 5. O-O d6 6. Nc3 Be6 7. Bg5 Qd7 8. d4 O-O-O 9. d5 Bg4 10. dxc6 Qxc6 11. Bxf6 Bxf6 12. Nb5 Kb8 13. Nc3 h5 14. Qd5 Qxd5 15. Nxd5 Rh6 16. h3 Be6 17. Nxf6 gxf6 18. Nh4 d5 19. Rfd1 c6 20. c4 Kc7 21. Rac1 dxe4 22. Rxd8 Kxd8 23. Rc3 f5 24. Re3 f6 25. f3 exf3 26. Nxf3 h4 27. Rd3+ Ke7 28. Rb3 b6 29. Ra3 a5 30. c5 bxc5 31. Rxa5 Kd6 32. a3 Rh8 33. Ra4 e4 34. Nd2 Rb8 35. b4 cxb4 36. axb4 Ke5 37. Bc4 Bxc4 38. Nxc4+ Kf4 39. Na5 Rc8 40. Ra1 Kg3 41. Rf1 f4 42. Nc4 Rd8 43. Na5 Rd2 44. Rc1 Rxg2+ 45. Kf1 Kxh3 46. Nxc6 Rb2 47. Rc3+ f3 48. Nd4 Rxb4 49. Nxf3 exf3 50. Rxf3+ 1/2-1/2

[Event "CYCC U08"]
[Site "Ottawa CAN"]
[Date "2013.07.12"]
[Round "6"]
[White "Tang, Matthew"]
[Black "Low, Kevin"]
[Result "0-1"]
[WhiteElo "1030"]
[BlackElo "1484"]
[PlyCount "60"]
[GameId "2160767909317924"]
[EventDate "2013.07.10"]
[EventType "swiss"]
[EventRounds "6"]
[EventCountry "CAN"]
[SourceTitle "hb 2013"]

1. e4 d6 2. Nf3 Nf6 3. Nc3 e5 4. d3 Be7 5. Be2 Nbd7 6. O-O O-O 7. Be3 c6 8. d4 Qc7 9. dxe5 dxe5 10. Qd2 b5 11. a3 Rd8 12. b4 Nc5 13. Qxd8+ Qxd8 14. bxc5 Qc7 15. Rad1 Nd7 16. Rd2 a5 17. Rfd1 b4 18. axb4 axb4 19. Nb1 h6 20. c3 b3 21. Bc4 Bxc5 22. Bxc5 Nxc5 23. Rb2 Ra2 24. Rxa2 bxa2 25. Bxa2 Nxe4 26. Re1 Bf5 27. Nh4 Qa7 28. Re2 Nxc3 29. Nxc3 Qa3 30. Nxf5 Qc1+ 0-1

[Event "CYCC U08"]
[Site "Ottawa CAN"]
[Date "2013.07.12"]
[Round "6"]
[White "Wu, Nicholas"]
[Black "Fu, Steven"]
[Result "1-0"]
[WhiteElo "1158"]
[BlackElo "631"]
[PlyCount "103"]
[GameId "2160767909317925"]
[EventDate "2013.07.10"]
[EventType "swiss"]
[EventRounds "6"]
[EventCountry "CAN"]
[SourceTitle "hb 2013"]

1. e4 e5 2. Nf3 Nc6 3. Bc4 Be7 4. Nc3 Nf6 5. d3 d6 6. Be3 O-O 7. O-O Bg4 8. h3 Bh5 9. Re1 a6 10. a4 Qd7 11. Nd5 Nd4 12. Nxe7+ Qxe7 13. Bxd4 exd4 14. c3 dxc3 15. bxc3 c6 16. Re3 b5 17. axb5 axb5 18. Bb3 c5 19. Re2 Bxf3 20. gxf3 Rxa1 21. Qxa1 Qd7 22. Kh2 Nh5 23. Re1 Nf4 24. Kg3 g5 25. Rh1 h5 26. h4 Ne2+ 27. Kg2 g4 28. Qd1 Nf4+ 29. Kg3 Ng6 30. fxg4 hxg4 31. Qxg4 Qxg4+ 32. Kxg4 Ne5+ 33. Kf5 Re8 34. Rg1+ Kf8 35. Rg3 c4 36. dxc4 bxc4 37. Bd1 Ke7 38. Be2 f6 39. f4 Nd7 40. Bxc4 Nc5 41. Bd5 Rh8 42. Rh3 Nd7 43. h5 Kf8 44. Bc6 Nc5 45. Kxf6 Na6 46. h6 Nb8 47. Bd5 Nd7+ 48. Ke6 Nc5+ 49. Kxd6 Nd3 50. Rxd3 Rxh6+ 51. Be6 Rh4 52. Ke5 1-0

[Event "CYCC U08"]
[Site "Ottawa CAN"]
[Date "2013.07.12"]
[Round "6"]
[White "Xu, Yaorui"]
[Black "Liu, Owen"]
[Result "1-0"]
[WhiteElo "1030"]
[BlackElo "569"]
[PlyCount "49"]
[GameId "2160767909317926"]
[EventDate "2013.07.10"]
[EventType "swiss"]
[EventRounds "6"]
[EventCountry "CAN"]
[SourceTitle "hb 2013"]

1. e4 e5 2. Nf3 Nc6 3. Bc4 Bc5 4. b4 Bxb4 5. c3 Bc5 6. d4 d5 7. exd5 exd4 8. cxd4 Bb4+ 9. Bd2 Bxd2+ 10. Nbxd2 Qe7+ 11. Qe2 Qxe2+ 12. Bxe2 Nf6 13. dxc6 bxc6 14. O-O O-O 15. Rfe1 Bb7 16. Bd3 Rfe8 17. Ng5 Rxe1+ 18. Rxe1 Re8 19. Rxe8+ Nxe8 20. Bxh7+ Kh8 21. Bd3 c5 22. dxc5 Bd5 23. Bc4 Bc6 24. Nxf7+ Kg8 25. Ne5+ 1-0

[Event "CYCC U08"]
[Site "Ottawa CAN"]
[Date "2013.07.12"]
[Round "6"]
[White "Zhao, Jonathan"]
[Black "Huang, Patrick"]
[Result "1-0"]
[WhiteElo "1123"]
[BlackElo "1040"]
[PlyCount "51"]
[GameId "2160767909317927"]
[EventDate "2013.07.10"]
[EventType "swiss"]
[EventRounds "6"]
[EventCountry "CAN"]
[SourceTitle "hb 2013"]

1. d4 Nf6 2. Nf3 c5 3. e3 d5 4. c3 Bg4 5. Bd3 e6 6. Nbd2 Be7 7. h3 Bxf3 8. Qxf3 O-O 9. e4 Nc6 10. e5 Nd7 11. Qh5 g6 12. Qg4 cxd4 13. cxd4 Bg5 14. h4 Bh6 15. h5 Bg7 16. O-O Qb6 17. Nf3 Nb4 18. Bb1 Rac8 19. hxg6 fxg6 20. Bxg6 hxg6 21. Qxg6 Nc2 22. Bh6 Rf7 23. Ng5 Nxe5 24. dxe5 Rcc7 25. Bxg7 Rxg7 26. Qe8# 1-0

[Event "CYCC U08"]
[Site "Ottawa CAN"]
[Date "2013.07.12"]
[Round "6"]
[White "Zhou, Aiden"]
[Black "Zhao, Ian"]
[Result "1/2-1/2"]
[WhiteElo "1136"]
[BlackElo "1388"]
[PlyCount "74"]
[GameId "2160767909317928"]
[EventDate "2013.07.10"]
[EventType "swiss"]
[EventRounds "6"]
[EventCountry "CAN"]
[SourceTitle "hb 2013"]

1. e4 e5 2. Nf3 Nc6 3. Bc4 Nf6 4. d3 Be7 5. O-O d6 6. Nbd2 Bg4 7. h3 Bxf3 8. Nxf3 h6 9. c3 O-O 10. Bb3 Kh8 11. Re1 Nh7 12. d4 exd4 13. cxd4 Qd7 14. Ba4 Qc8 15. Bf4 g5 16. Bd2 Bf6 17. Bc3 Bg7 18. d5 Ne5 19. Nxe5 Bxe5 20. Bxe5+ dxe5 21. Qf3 f6 22. Qc3 Qd8 23. Rac1 Rf7 24. Bb3 Qd6 25. Qc5 Nf8 26. Qxd6 cxd6 27. Re2 Kg7 28. Rec2 Nd7 29. Rc7 Nc5 30. Rxf7+ Kxf7 31. f3 a5 32. Bc4 Ke7 33. Kh2 Kf7 34. g4 Kg6 35. Kg3 h5 36. gxh5+ Kxh5 37. b3 Rf8 1/2-1/2

[Event "CYCC U08 w"]
[Site "Ottawa CAN"]
[Date "2013.07.10"]
[Round "1"]
[White "Kamath, Maya"]
[Black "Radin, Paige"]
[Result "1-0"]
[WhiteElo "1652"]
[BlackElo "679"]
[PlyCount "113"]
[GameId "2160767909317929"]
[EventDate "2013.07.10"]
[EventType "swiss"]
[EventRounds "6"]
[EventCountry "CAN"]
[SourceTitle "EXT 2022"]
[Source "ChessBase"]
[SourceDate "2021.10.06"]
[SourceVersion "1"]
[SourceVersionDate "2021.10.06"]
[SourceQuality "1"]

1. e4 e5 2. Nc3 Nc6 3. Bb5 Nf6 4. Nf3 Bc5 5. Bxc6 dxc6 6. O-O O-O 7. d3 Be6 8. Bg5 h6 9. Bxf6 Qxf6 10. Qe2 Bg4 11. Rfe1 Qg6 12. Nxe5 Qg5 13. Nxg4 h5 14. e5 hxg4 15. Ne4 Qe7 16. Nxc5 Qxc5 17. Qxg4 Rae8 18. Rac1 Rxe5 19. Rxe5 Qxe5 20. Qe4 Qxb2 21. Qf4 Qxa2 22. Qxc7 Qb2 23. Re1 Qxc2 24. Qxb7 Qxd3 25. Qxc6 Qd2 26. Rc1 Qd8 27. g3 Re8 28. Kg2 Qa8 29. Qxa8 Rxa8 30. Ra1 a5 31. Kf3 a4 32. Ra3 f5 33. Kf4 g6 34. h4 Ra5 35. Kg5 Kg7 36. h5 gxh5 37. Kxh5 f4+ 38. Kh4 Kf7 39. gxf4 Kf6 40. Kg4 Ke6 41. f3 Kd5 42. Re3 a3 43. Re5+ Kc4 44. Rxa5 Kb4 45. Ra8 Kb3 46. f5 a2 47. f6 Kb2 48. f7 a1=Q 49. Rxa1 Kxa1 50. f8=Q Kb2 51. Qc5 Kb3 52. Kf4 Ka4 53. Ke4 Kb3 54. Kd3 Ka4 55. Qb6 Ka3 56. Kc3 Ka4 57. Qb4# 1-0

[Event "CYCC U08 w"]
[Site "Ottawa CAN"]
[Date "2013.07.10"]
[Round "1"]
[White "Pigeau, Mia"]
[Black "Gilani, Mysha"]
[Result "0-1"]
[WhiteElo "950"]
[BlackElo "578"]
[PlyCount "76"]
[GameId "2160767909317930"]
[EventDate "2013.07.10"]
[EventType "swiss"]
[EventRounds "6"]
[EventCountry "CAN"]
[SourceTitle "EXT 2022"]
[Source "ChessBase"]
[SourceDate "2021.10.06"]
[SourceVersion "1"]
[SourceVersionDate "2021.10.06"]
[SourceQuality "1"]

1. e4 e5 2. Nf3 Nc6 3. Nc3 Nf6 4. Bb5 d6 5. Bxc6+ bxc6 6. d3 Be6 7. d4 Bg4 8. O-O Bxf3 9. gxf3 Be7 10. dxe5 dxe5 11. Na4 O-O 12. Bd2 Rb8 13. Nc3 Rxb2 14. Bc1 Rb8 15. Bg5 h6 16. Bxf6 Bxf6 17. Qc1 Bg5 18. Qe1 Bd2 19. Qd1 Bxc3 20. Rc1 Qxd1 21. Rfxd1 Rfd8 22. Rf1 Rb7 23. a3 Rdb8 24. a4 Rb4 25. Rfd1 Rxa4 26. Ra1 Rxa1 27. Rxa1 Bxa1 28. h3 Rb2 29. c3 Rb1+ 30. Kg2 Bxc3 31. h4 a5 32. h5 a4 33. f4 a3 34. Kg3 a2 35. Kg4 a1=Q 36. f3 Rg1+ 37. Kh4 Qe1+ 38. Kh3 Qg3# 0-1

[Event "CYCC U08 w"]
[Site "Ottawa CAN"]
[Date "2013.07.10"]
[Round "1"]
[White "Radin, Claire"]
[Black "Kuleshova, Julia"]
[Result "1-0"]
[WhiteElo "752"]
[BlackElo "262"]
[PlyCount "135"]
[GameId "2160767909317931"]
[EventDate "2013.07.10"]
[EventType "swiss"]
[EventRounds "6"]
[EventCountry "CAN"]
[SourceTitle "hb 2013"]

1. e4 e5 2. Nf3 Nc6 3. Bc4 Bc5 4. Nc3 Nf6 5. O-O d6 6. d3 h6 7. Be3 Bb6 8. Nd5 O-O 9. Nxb6 axb6 10. d4 Bg4 11. h3 Bh5 12. d5 Na5 13. Be2 c6 14. Re1 Nxe4 15. Nd2 Bxe2 16. Qxe2 Nxd2 17. Qxd2 Nc4 18. Qc3 Nxe3 19. Rxe3 Rc8 20. dxc6 bxc6 21. a4 Re8 22. a5 bxa5 23. Qxa5 Qxa5 24. Rxa5 Ra8 25. Rxa8 Rxa8 26. b4 Ra1+ 27. Kh2 Ra2 28. Rc3 Ra6 29. Kg3 Kf8 30. Kf3 Ke7 31. Ke4 Ke6 32. Rb3 d5+ 33. Kd3 Kd6 34. c4 dxc4+ 35. Kxc4 Ra2 36. Rd3+ Kc7 37. Rf3 Rc2+ 38. Kb3 Rd2 39. Rxf7+ Rd7 40. Rxd7+ Kxd7 41. Kc4 Kd6 42. Kd3 Kd5 43. f3 g5 44. g4 Kd6 45. Ke4 Ke6 46. Kd3 Kd5 47. Kc3 e4 48. fxe4+ Kxe4 49. Kc4 Ke5 50. Kc5 Kf4 51. Kxc6 Kg3 52. b5 Kxh3 53. b6 Kxg4 54. b7 h5 55. b8=Q h4 56. Qb1 h3 57. Qg1+ Kh4 58. Qf2+ Kg4 59. Kd5 Kh5 60. Qg3 g4 61. Ke4 Kg5 62. Ke5 h2 63. Qxh2 Kg6 64. Qh4 Kg7 65. Qxg4+ Kh8 66. Qg5 Kh7 67. Kf6 Kh8 68. Qg7# 1-0

[Event "CYCC U08 w"]
[Site "Ottawa CAN"]
[Date "2013.07.10"]
[Round "1"]
[White "Zhu, Harmony"]
[Black "Murray, Sarah"]
[Result "1-0"]
[WhiteElo "1652"]
[BlackElo "652"]
[PlyCount "95"]
[GameId "2160767909317933"]
[EventDate "2013.07.10"]
[EventType "swiss"]
[EventRounds "6"]
[EventCountry "CAN"]
[SourceTitle "hb 2013"]

1. d4 Nf6 2. c4 d5 3. cxd5 Nxd5 4. e4 Nb6 5. Nc3 Nc6 6. Be3 e5 7. d5 Ne7 8. Nf3 g6 9. Nxe5 Bg7 10. Nc4 Nxc4 11. Bxc4 O-O 12. O-O a6 13. a4 Bd7 14. Bb3 c6 15. Qd2 cxd5 16. Nxd5 Bc6 17. Nxe7+ Qxe7 18. f3 b5 19. Rfd1 Rad8 20. Qc2 Rxd1+ 21. Rxd1 bxa4 22. Qxc6 axb3 23. Bc5 Qe8 24. Qd5 Qb8 25. Bxf8 Bxf8 26. Rd3 Qa7+ 27. Kf1 a5 28. Rxb3 Bc5 29. Qd8+ Kg7 30. Qb8 Qa6+ 31. Qb5 Qd6 32. Rd3 Qc7 33. Rc3 Qxh2 34. Qxc5 Qh1+ 35. Qg1 Qxg1+ 36. Kxg1 h5 37. Ra3 f6 38. Rxa5 Kh6 39. b4 Kg7 40. b5 Kf8 41. b6 Kg7 42. b7 Kh6 43. b8=Q g5 44. Qd6 Kg6 45. Ra6 Kh6 46. Qxf6+ Kh7 47. Qf7+ Kh8 48. Ra8# 1-0

[Event "CYCC U08 w"]
[Site "Ottawa CAN"]
[Date "2013.07.10"]
[Round "2"]
[White "Gilani, Mysha"]
[Black "Kamath, Maya"]
[Result "1-0"]
[WhiteElo "950"]
[BlackElo "1652"]
[PlyCount "93"]
[GameId "2160767909317934"]
[EventDate "2013.07.10"]
[EventType "swiss"]
[EventRounds "6"]
[EventCountry "CAN"]
[SourceTitle "EXT 2022"]
[Source "ChessBase"]
[SourceDate "2021.10.06"]
[SourceVersion "1"]
[SourceVersionDate "2021.10.06"]
[SourceQuality "1"]

1. e4 e5 2. Nf3 Nc6 3. Bc4 Nf6 4. d3 Bc5 5. Nc3 O-O 6. Bg5 d6 7. Nd5 Bg4 8. h3 Bxf3 9. Qxf3 Nd4 10. Qd1 c6 11. Nxf6+ Kh8 12. Nxh7 Qe8 13. Nxf8 Qxf8 14. Qh5+ Kg8 15. O-O-O g6 16. Qxg6+ Qg7 17. Bxf7+ Kf8 18. Bh6 Ne2+ 19. Kb1 Qxh6 20. Qxh6+ Kxf7 21. Qh5+ Kg8 22. Qxe2 Rf8 23. Qg4+ Kf7 24. h4 Rg8 25. Qf5+ Kg7 26. h5 Kh6 27. Qf6+ Kh7 28. Qf7+ Rg7 29. Qf5+ Kh6 30. f4 Rxg2 31. fxe5 dxe5 32. Qxe5 Rg5 33. Qf4 Be7 34. Rhg1 Kxh5 35. Qf7+ Kh4 36. Qh7+ Rh5 37. Rh1+ Kg4 38. Qxh5+ Kg3 39. Rdg1+ Kf4 40. Qf7+ Ke3 41. Qxe7 b5 42. Qd7 a6 43. Rg3+ Kf4 44. Rg4+ Ke5 45. Rh5+ Kf6 46. Qg7+ Ke6 47. Rg6# 1-0

[Event "CYCC U08 w"]
[Site "Ottawa CAN"]
[Date "2013.07.10"]
[Round "2"]
[White "Murray, Sarah"]
[Black "Kuleshova, Julia"]
[Result "1/2-1/2"]
[WhiteElo "652"]
[BlackElo "262"]
[PlyCount "119"]
[GameId "2160767909317935"]
[EventDate "2013.07.10"]
[EventType "swiss"]
[EventRounds "6"]
[EventCountry "CAN"]
[SourceTitle "hb 2013"]

1. e4 e5 2. Nf3 Nc6 3. Bc4 Bc5 4. d3 Nf6 5. Nc3 d6 6. h3 h6 7. O-O Bd7 8. a3 O-O 9. b4 Bb6 10. Na4 Nh7 11. Nxb6 axb6 12. c3 Qf6 13. Bb2 Qg6 14. Nh4 Qg5 15. g3 Bxh3 16. Re1 Qg4 17. d4 Rfd8 18. dxe5 dxe5 19. Qxg4 Bxg4 20. Rf1 Rd2 21. Bc1 Rc2 22. f3 Rxc3 23. Bd5 Bd7 24. f4 Rxg3+ 25. Kh1 Rh3+ 26. Kg1 Rxh4 27. fxe5 Nxe5 28. Bb2 Nd3 29. Bxf7+ Kh8 30. Bc3 Rg4+ 31. Kh1 Rxe4 32. Bd5 Re2 33. Bxb7 Rae8 34. Rf7 R8e7 35. Bxg7+ Kg8 36. Rxe7 Rxe7 37. Bxh6 Re1+ 38. Rxe1 Nxe1 39. Bd2 Nc2 40. Bd5+ Kf8 41. Bh6+ Ke7 42. Be4 Nxa3 43. Bxh7 Kf6 44. Bc1 Nb5 45. Bb2+ Ke6 46. Bg8+ Kd6 47. Kg2 c5 48. bxc5+ bxc5 49. Kf2 Be6 50. Bh7 Kd5 51. Ke3 Kc4 52. Bd3+ Kb3 53. Bxb5 Kxb2 54. Kd3 Kb3 55. Ba6 Ka4 56. Kc3 Ka5 57. Bd3 Ka4 58. Bc4 Bxc4 59. Kxc4 Ka5 60. Kxc5 1/2-1/2

[Event "CYCC U08 w"]
[Site "Ottawa CAN"]
[Date "2013.07.10"]
[Round "2"]
[White "Radin, Claire"]
[Black "Zhu, Harmony"]
[Result "0-1"]
[WhiteElo "752"]
[BlackElo "1652"]
[PlyCount "100"]
[GameId "2160767909317937"]
[EventDate "2013.07.10"]
[EventType "swiss"]
[EventRounds "6"]
[EventCountry "CAN"]
[SourceTitle "hb 2013"]

1. e4 c5 2. Nf3 Nc6 3. d4 cxd4 4. Nxd4 g6 5. Nxc6 bxc6 6. Nc3 Bg7 7. Bc4 Qc7 8. g3 d6 9. Qf3 Nf6 10. Bg5 O-O 11. O-O-O Bg4 12. Qf4 Bxd1 13. Rxd1 Rab8 14. Re1 Qb6 15. b3 Qa5 16. Qd2 Rb7 17. Nd5 Qxd2+ 18. Kxd2 cxd5 19. exd5 h6 20. Bxf6 Bxf6 21. Re4 Bg5+ 22. f4 f5 23. Re6 Bf6 24. h4 g5 25. Bd3 gxh4 26. gxh4 Bg7 27. Rg6 Rf6 28. Rxf6 Bxf6 29. h5 Kf7 30. Bxf5 Bh4 31. Ke3 a5 32. a4 Rb4 33. Kf3 Rd4 34. Be6+ Kf6 35. Kg4 Be1 36. Kf3 Rd2 37. Ke4 Rxc2 38. Kd3 Rb2 39. Kc4 Rf2 40. f5 Rh2 41. b4 Bxb4 42. Kb5 Rxh5 43. Kc6 Rxf5 44. Bxf5 Kxf5 45. Kd7 Kf6 46. Ke8 h5 47. Kf8 h4 48. Kg8 h3 49. Kh8 h2 50. Kg8 h1=Q 0-1

[Event "CYCC U08 w"]
[Site "Ottawa CAN"]
[Date "2013.07.10"]
[Round "2"]
[White "Radin, Paige"]
[Black "Pigeau, Mia"]
[Result "1-0"]
[WhiteElo "679"]
[BlackElo "578"]
[PlyCount "81"]
[GameId "2160767909317938"]
[EventDate "2013.07.10"]
[EventType "swiss"]
[EventRounds "6"]
[EventCountry "CAN"]
[SourceTitle "hb 2013"]

1. e4 e5 2. Nf3 Nc6 3. Nc3 Nf6 4. Bc4 Nh5 5. O-O Bc5 6. d3 O-O 7. Bg5 Qe8 8. Nh4 d6 9. Qxh5 d5 10. exd5 Na5 11. Na4 b5 12. d4 bxc4 13. dxc5 Nb7 14. c6 Nc5 15. b4 Ne4 16. f3 Nd6 17. Qg4 Bxg4 18. fxg4 Ne4 19. Bc1 c3 20. Rf5 g6 21. Rf3 a6 22. Nf5 Ra7 23. Nh6+ Kg7 24. Nf5+ Kf6 25. Nd6+ Ke7 26. Nxe8 Rxe8 27. Nxc3 Nxc3 28. Rxc3 e4 29. Re3 Kd8 30. Bb2 a5 31. bxa5 Rxa5 32. Bc3 Ra8 33. Bf6+ Kc8 34. Rb1 Rxa2 35. Rb7 Ra1+ 36. Kf2 Ra2 37. h3 Rxc2+ 38. Kg1 Rc1+ 39. Kh2 h6 40. Ra7 h5 41. Ra8# 1-0

[Event "CYCC U08 w"]
[Site "Ottawa CAN"]
[Date "2013.07.11"]
[Round "3"]
[White "Kamath, Maya"]
[Black "Murray, Sarah"]
[Result "1-0"]
[WhiteElo "1652"]
[BlackElo "652"]
[PlyCount "71"]
[GameId "2160767909317939"]
[EventDate "2013.07.10"]
[EventType "swiss"]
[EventRounds "6"]
[EventCountry "CAN"]
[SourceTitle "EXT 2022"]
[Source "ChessBase"]
[SourceDate "2021.10.06"]
[SourceVersion "1"]
[SourceVersionDate "2021.10.06"]
[SourceQuality "1"]

1. e4 e5 2. Nf3 Nf6 3. Nc3 Nc6 4. Bc4 a6 5. d4 exd4 6. Nxd4 Nxd4 7. Qxd4 c5 8. Qd1 d6 9. O-O b5 10. Bd5 Rb8 11. Bg5 h6 12. Bxf6 Qxf6 13. Rb1 Be7 14. Qd2 O-O 15. Rfe1 b4 16. Na4 Qg6 17. g3 Bg5 18. Qe2 Re8 19. Bc6 Re7 20. Rbd1 Bf6 21. Rxd6 Bg4 22. Qd3 Rf8 23. Nxc5 Be5 24. Rxg6 fxg6 25. Nd7 Rd8 26. Nf6+ Bxf6 27. Qxd8+ Kf7 28. Bd5+ Be6 29. Bxe6+ Rxe6 30. Qd5 Ke7 31. e5 Bg5 32. Qb7+ Kf8 33. Rd1 Re7 34. Qxb4 Kf7 35. e6+ Kf8 36. Rd8# 1-0

[Event "CYCC U08 w"]
[Site "Ottawa CAN"]
[Date "2013.07.11"]
[Round "3"]
[White "Kuleshova, Julia"]
[Black "Pigeau, Mia"]
[Result "1-0"]
[WhiteElo "262"]
[BlackElo "578"]
[PlyCount "27"]
[GameId "2160767909317940"]
[EventDate "2013.07.10"]
[EventType "swiss"]
[EventRounds "6"]
[EventCountry "CAN"]
[SourceTitle "hb 2013"]

1. e4 e5 2. Nf3 Nc6 3. Bc4 Nh6 4. d3 Bc5 5. Nc3 O-O 6. Bd2 Ng4 7. O-O Bb4 8. h3 d6 9. hxg4 Bxc3 10. Bxc3 h6 11. d4 exd4 12. Nxd4 Nxd4 13. Qxd4 c5 14. Qxg7# 1-0

[Event "CYCC U08 w"]
[Site "Ottawa CAN"]
[Date "2013.07.11"]
[Round "3"]
[White "Radin, Paige"]
[Black "Radin, Claire"]
[Result "0-1"]
[WhiteElo "679"]
[BlackElo "752"]
[PlyCount "62"]
[GameId "2160767909317941"]
[EventDate "2013.07.10"]
[EventType "swiss"]
[EventRounds "6"]
[EventCountry "CAN"]
[SourceTitle "hb 2013"]

1. e4 e5 2. Nf3 Nc6 3. Nc3 Nf6 4. Bc4 Nxe4 5. O-O Nxc3 6. dxc3 Bc5 7. Qe1 Qe7 8. Bg5 f6 9. Bd2 e4 10. Nd4 Nxd4 11. cxd4 Bxd4 12. c3 Bc5 13. b4 Bd6 14. Be2 Qe5 15. g3 c5 16. Bf4 Qd5 17. c4 Qd4 18. Rd1 Qb2 19. Rb1 Qxa2 20. Qc3 Bxf4 21. Rb2 Qa4 22. gxf4 O-O 23. Rfb1 d6 24. Qh3 Bxh3 25. b5 Rfe8 26. Bd1 Qxc4 27. Rc2 Qd3 28. Be2 Qxc2 29. Re1 e3 30. f3 Qg6+ 31. Kh1 Qg2# 0-1